مكتبة جامعة عجلون الوطنية

فهرس بحث المكتبة

Normal view MARC view
  • تاليف بظاظو, إبراهيم، م.مشارك احمد العمايرة ، م.مشارك امجد عوض

Entry Personal Name

Number of records used in: 1

001 - CONTROL NUMBER

  • control field: 51343

003 - CONTROL NUMBER IDENTIFIER

  • control field: JO-AjAnu

005 - DATE AND TIME OF LATEST TRANSACTION

  • control field: 20230606082440.0

008 - FIXED-LENGTH DATA ELEMENTS

  • fixed length control field: 230606|| aca||aabn | a|a d

040 ## - CATALOGING SOURCE

  • Original cataloging agency: JO-AjAnu
  • Transcribing agency: JO-AjAnu

100 ## - HEADING--PERSONAL NAME

  • Personal name: تاليف بظاظو, إبراهيم، م.مشارك احمد العمايرة ، م.مشارك امجد عوض

670 ## - SOURCE DATA FOUND

  • Source citation: Work cat.: (JO-AjAnu)26240: تاليف بظاظو, إبراهيم، م.مشارك احمد العمايرة ، م.مشارك امجد عوض , author, صيانة وحماية الفسيفساء :دراسة في السياحة المستدامة